[Event "4NCL/Div1/WES1 vs. NWE1"]
[Site "West Bromwich ENG"]
[Date "2005.05.02"]
[Round "11.1"]
[White "Corkett, Anthony R"]
[Black "Trent, Lawrence"]
[Result "0-1"]
[WhiteElo "2321"]
[BlackElo "2387"]
[PlyCount "124"]
[EventDate "2005.05.02"]
[SourceDate "2004.09.21"]

1. d4 Nf6 2. Nf3 g6 3. g3 Bg7 4. Bg2 O-O 5. O-O d6 6. a4 a5 7. Nc3 Nc6 8. h3
Bf5 9. g4 Bd7 10. Bf4 Re8 11. Bg3 h5 12. g5 Nh7 13. h4 Qc8 14. Nd5 Nb4 15. Ne3
Bh3 16. c3 Bxg2 17. Nxg2 Nc6 18. Qb3 e5 19. dxe5 dxe5 20. Rad1 Nf8 21. Rd5 Nd7
22. e4 Nb6 23. Rd3 Qg4 24. Re1 Rad8 25. Nh2 Qe6 26. Qxe6 fxe6 27. Rxd8 Rxd8 28.
Nf3 Nxa4 29. Ne3 b5 30. Kg2 Nxb2 31. Rb1 Nd3 32. Rxb5 a4 33. Nc4 Ra8 34. Rb1 a3
35. Kf1 a2 36. Ra1 Ra4 37. Nfd2 Na5 38. Nxa5 Rxa5 39. Ke2 Nb2 40. f3 Ra3 41.
Be1 Bf8 42. Nf1 Bc5 43. Kd2 Na4 44. Kc2 Nxc3 45. Bxc3 Rxc3+ 46. Kxc3 Bd4+ 47.
Kb3 Bxa1 48. Kxa2 Bd4 49. Nd2 Bf2 50. Nc4 Bxh4 51. Nxe5 Bxg5 52. Nxg6 h4 53.
Ne5 h3 54. Ng4 Be3 55. Nh2 Bg1 56. Nf1 h2 57. Ng3 Bf2 58. Nh1 Bh4 59. Kb3 e5
60. Kc4 Kf7 61. Kd3 Kf6 62. Ke2 c5 0-1

[Event "4NCL/Div1/WES1 vs. NWE1"]
[Site "West Bromwich ENG"]
[Date "2005.05.02"]
[Round "11.2"]
[White "Jackova, Jana"]
[Black "Evans-Quek, Suan-Shiau"]
[Result "1-0"]
[WhiteElo "2406"]
[BlackElo "2295"]
[PlyCount "119"]
[EventDate "2005.05.02"]
[SourceDate "2004.09.21"]

1. e4 d6 2. d4 g6 3. Nf3 Bg7 4. Bc4 Nf6 5. Qe2 O-O 6. e5 dxe5 7. dxe5 Nd5 8. h3
c5 9. O-O Nb6 10. Bb3 Qc7 11. a4 c4 12. Ba2 Nc6 13. Re1 h6 14. Na3 Be6 15. Nxc4
Nxa4 16. Ne3 Bxa2 17. Rxa2 Nb6 18. Ng4 Nb4 19. Bxh6 Qxc2 20. Qe3 N6d5 21. Qg5
Qf5 22. Qd2 Qd3 23. Ra5 Qxd2 24. Bxd2 Rfc8 25. Rb5 a5 26. Ra1 f5 27. exf6 exf6
28. Rxb7 Nc6 29. Rb5 Nc7 30. Rc5 Ne6 31. Rd5 f5 32. Nge5 a4 33. Ra3 Nxe5 34.
Nxe5 Rc2 35. Nxg6 Bxb2 36. Ra2 a3 37. Ne7+ Kf7 38. Nxf5 Rd8 39. Rxd8 Nxd8 40.
Bb4 Kf6 41. Ne3 Rc1+ 42. Kh2 Ra1 43. Rxa1 Bxa1 44. Bxa3 Ne6 45. g3 Kg6 46. Kg2
Bd4 47. Bc1 Nc5 48. Nd5 Nd7 49. Be3 Bb2 50. f4 Kf7 51. Kf3 Ke6 52. Ke4 Ba3 53.
Bd4 Bc1 54. h4 Ba3 55. h5 Kf7 56. g4 Bd6 57. g5 Nf8 58. f5 Kg8 59. g6 Nd7 60.
h6 1-0

[Event "4NCL/Div1/WES1 vs. NWE1"]
[Site "West Bromwich ENG"]
[Date "2005.05.02"]
[Round "11.3"]
[White "Upton, Ian J"]
[Black "Hanley, Craig A"]
[Result "1/2-1/2"]
[WhiteElo "2242"]
[BlackElo "2397"]
[PlyCount "79"]
[EventDate "2005.05.02"]
[SourceDate "2004.09.21"]

1. d4 Nf6 2. c4 g6 3. Nc3 Bg7 4. e4 d6 5. Be2 O-O 6. Bg5 Na6 7. Qd2 e5 8. d5
Qe8 9. Bd1 Nc5 10. f3 a5 11. Nge2 c6 12. O-O cxd5 13. cxd5 b6 14. Nc1 Nh5 15.
Be2 Bd7 16. Nd3 f5 17. Rab1 Nf6 18. Nxc5 bxc5 19. b3 f4 20. Bh4 h5 21. Qd3 Nh7
22. Nb5 g5 23. Bf2 Bxb5 24. Qxb5 Qd8 25. a3 Rf7 26. Rfc1 Bf8 27. b4 axb4 28.
axb4 cxb4 29. Qxb4 Qf6 30. Ra1 Rxa1 31. Rxa1 g4 32. Qe1 Qg6 33. Ra7 g3 34. Bb6
Rxa7 35. Bxa7 gxh2+ 36. Kxh2 Be7 37. Bf2 Bg5 38. Ba6 Qe8 39. Qc3 Qd8 40. Qc8
1/2-1/2

[Event "4NCL/Div1/WES1 vs. NWE1"]
[Site "West Bromwich ENG"]
[Date "2005.05.02"]
[Round "11.4"]
[White "Morrison, Graham"]
[Black "Webb, Richard M"]
[Result "1/2-1/2"]
[WhiteElo "2305"]
[BlackElo "2313"]
[PlyCount "83"]
[EventDate "2005.05.02"]
[SourceDate "2004.09.21"]

1. d4 Nf6 2. c4 g6 3. Nc3 d5 4. cxd5 Nxd5 5. e4 Nxc3 6. bxc3 Bg7 7. Nf3 O-O 8.
Be2 c5 9. O-O cxd4 10. cxd4 Bg4 11. Be3 Nc6 12. d5 Ne5 13. Nxe5 Bxe2 14. Qxe2
Bxe5 15. Rab1 Qd7 16. f4 Bg7 17. Qb5 Qxb5 18. Rxb5 b6 {(=)} 19. Rc1 Rfc8 20.
Rbb1 Kf8 21. Kf1 Ke8 22. Ke2 Kd7 23. a4 e6 24. a5 exd5 25. Rd1 bxa5 26. Rxd5+
Ke8 27. Rb7 Rd8 28. Rxa5 Rd7 29. Rbxa7 Rdxa7 30. Rxa7 Rxa7 31. Bxa7 h5 32. Kd3
Kd7 33. Bd4 Bf8 34. Kc4 Ke6 35. g3 Ba3 36. Be3 Bb2 37. Bd4 Ba3 38. Kb5 Bc1 {(=)
} 39. Kc6 h4 40. Bf2 hxg3 41. Bxg3 f5 42. e5 1/2-1/2

[Event "4NCL/Div1/WES1 vs. NWE1"]
[Site "West Bromwich ENG"]
[Date "2005.05.02"]
[Round "11.5"]
[White "Simons, Martin J"]
[Black "Littlewood, John E"]
[Result "0-1"]
[WhiteElo "2293"]
[BlackElo "2308"]
[PlyCount "122"]
[EventDate "2005.05.02"]
[SourceDate "2004.09.21"]

1. e4 e5 2. Nf3 d6 3. d4 exd4 4. Nxd4 g6 5. Nc3 Bg7 6. Be3 Nf6 7. Qd2 O-O 8.
O-O-O Re8 9. f3 Nc6 10. g4 Nxd4 11. Bxd4 Be6 12. g5 Nh5 13. Bxg7 Nxg7 14. Kb1
c6 15. Be2 Qe7 16. f4 Red8 17. Bf3 Qc7 18. h4 b5 19. h5 b4 20. hxg6 bxc3 21.
gxh7+ Kh8 22. Qxc3 d5 23. exd5 Bf5 24. dxc6 Rxd1+ 25. Rxd1 Qxf4 26. c7 Rc8 27.
Rd8+ Kxh7 28. Rxc8 Bxc8 29. Qd3+ Nf5 30. Be4 Kg6 31. Bxf5+ Qxf5 32. Qd1 Qd7 33.
Qf3 Kxg5 34. Qe3+ Kf5 35. Qc5+ Ke6 36. b4 Qd6 37. Qe3+ Qe5 38. Qh3+ f5 39. Qh6+
Kd7 40. Qh7+ Kc6 41. a3 Qxc7 42. Qh1+ Kb6 43. Qd5 Bd7 44. c4 Qc6 45. Qd4+ Kb7
46. Kb2 Qg2+ 47. Kc3 Qg3+ 48. Kb2 Bc6 49. b5 Be4 50. c5 Qg2+ 51. Kc3 Qc2+ 52.
Kb4 Qb1+ 53. Kc4 Qc1+ 54. Kb4 Qe1+ 55. Kc4 Qe2+ 56. Kb4 Qe1+ 57. Kc4 Qf1+ 58.
Kb4 a5+ 59. Kxa5 Qe1+ 60. Qb4 Qxb4+ 61. Kxb4 Bc2 0-1

[Event "4NCL/Div1/WES1 vs. NWE1"]
[Site "West Bromwich ENG"]
[Date "2005.05.02"]
[Round "11.6"]
[White "Hulmes, David I"]
[Black "Yeo, Michael J"]
[Result "1-0"]
[WhiteElo "2206"]
[BlackElo "2222"]
[PlyCount "63"]
[EventDate "2005.05.02"]
[SourceDate "2004.09.21"]

1. e4 e5 2. Nf3 Nc6 3. Bb5 a6 4. Ba4 d6 5. O-O Bg4 6. h3 h5 7. d4 b5 8. Bb3
Nxd4 9. hxg4 Nxb3 10. axb3 hxg4 11. Ng5 Qd7 12. Nc3 c6 13. Be3 f6 14. f4 exf4
15. Rxf4 Nh6 16. Ne2 fxg5 17. Rf1 Be7 18. c4 bxc4 19. bxc4 Bf6 20. Qb3 g3 21.
Nxg3 Ng4 22. Rad1 Be5 23. Bd4 Bf4 24. c5 O-O-O 25. Qa3 Qb7 26. Rd3 dxc5 27.
Qxc5 g6 28. Rfd1 Bd6 29. Qxg5 Qd7 30. Bxh8 Rxh8 31. Rxd6 Qa7+ 32. R1d4 1-0

[Event "4NCL/Div1/WES1 vs. NWE1"]
[Site "West Bromwich ENG"]
[Date "2005.05.02"]
[Round "11.7"]
[White "Allicock, Rawle A"]
[Black "Hughes, Howard R"]
[Result "1-0"]
[WhiteElo "2292"]
[BlackElo "2216"]
[PlyCount "55"]
[EventDate "2005.05.02"]
[SourceDate "2004.09.21"]

1. d4 e6 2. e4 d5 3. Nc3 Bb4 4. e5 c5 5. a3 Bxc3+ 6. bxc3 Qc7 7. Qg4 f6 8. Nf3
c4 9. h4 h5 10. Qf4 Nh6 11. Be2 Nc6 12. a4 Ng4 13. Qg3 Bd7 14. Ba3 fxe5 15.
dxe5 Ncxe5 16. Nd4 O-O-O 17. Nb5 Bxb5 18. axb5 Ng6 19. Bxg4 hxg4 20. Qxg4 Qe5+
21. Kf1 Qxc3 22. Qxe6+ Kc7 23. b6+ axb6 24. Rb1 b5 25. Rh3 Qxc2 26. Qe1 Nf4 27.
Rxb5 Nxh3 28. Qe5+ 1-0

[Event "4NCL/Div1/WES1 vs. NWE1"]
[Site "West Bromwich ENG"]
[Date "2005.05.02"]
[Round "11.8"]
[White "Spence, David"]
[Black "Evans-Quek, Debbie"]
[Result "1-0"]
[WhiteElo "2240"]
[BlackElo "1995"]
[PlyCount "81"]
[EventDate "2005.05.02"]
[SourceDate "2004.09.21"]

1. e4 c5 2. c3 Nf6 3. e5 Nd5 4. d4 cxd4 5. Nf3 e6 6. cxd4 Nc6 7. a3 a6 8. Bd3
d6 9. O-O dxe5 10. dxe5 Be7 11. Re1 Bd7 12. b4 Rc8 13. Qe2 b5 14. Qe4 h6 15.
Qg4 Kf8 16. Nbd2 f5 17. exf6 Bxf6 18. Ra2 e5 19. Qg3 Nf4 20. Bc2 Nh5 21. Qg6
Nf4 22. Qe4 Be6 23. Bb3 Bxb3 24. Nxb3 Qd3 25. Bxf4 Qxb3 26. Rc2 Kf7 27. Rxc6
Rxc6 28. Qxc6 exf4 29. Qc7+ Kg6 30. Qxf4 Qxa3 31. Qe4+ Kf7 32. Qe6+ Kg6 33.
Ne5+ Kh7 34. Qf5+ Kg8 35. Nc6 Qc3 36. Re8+ Kf7 37. Qe6+ Kg6 38. Ne7+ Kh5 39.
g4+ Kh4 40. Ng6+ Kh3 41. g5# 1-0

[Event "4NCL/Div1/BAR1 vs. WGR2"]
[Site "West Bromwich ENG"]
[Date "2005.05.02"]
[Round "11.1"]
[White "Parker, Jonathan"]
[Black "Lalic, Bogdan"]
[Result "1/2-1/2"]
[WhiteElo "2537"]
[BlackElo "2503"]
[PlyCount "49"]
[EventDate "2005.05.02"]
[SourceDate "2004.09.21"]

1. d4 Nf6 2. c4 e6 3. Nf3 d5 4. Nc3 Bb4 5. e3 O-O 6. Bd3 c5 7. O-O dxc4 8. Bxc4
Nbd7 9. Bb3 cxd4 10. exd4 Nb6 11. Ne5 Nbd5 12. Qf3 Be7 13. Rd1 Nxc3 14. bxc3
Nd7 15. Qg3 Bh4 16. Qg4 Bf6 17. Bf4 g6 18. Qg3 Bg7 19. Nxd7 Bxd7 20. c4 Qa5 21.
Rac1 Rac8 22. d5 Rfe8 23. d6 Qa3 24. Rb1 Rc6 25. Bc1 1/2-1/2

[Event "4NCL/Div1/BAR1 vs. WGR2"]
[Site "West Bromwich ENG"]
[Date "2005.05.02"]
[Round "11.2"]
[White "Baburin, Alexander"]
[Black "Kelly, Brian"]
[Result "0-1"]
[WhiteElo "2523"]
[BlackElo "2497"]
[PlyCount "78"]
[EventDate "2005.05.02"]
[SourceDate "2004.09.21"]

1. d4 d5 2. c4 e6 3. Nf3 Nf6 4. g3 Bb4+ 5. Bd2 Be7 6. Bg2 O-O 7. O-O c6 8. Qb3
b6 9. Nc3 Nbd7 10. cxd5 exd5 11. Bg5 Re8 12. Rad1 Bb7 13. Rfe1 h6 14. Bxf6 Nxf6
15. e4 Nxe4 16. Nxe4 dxe4 17. Ne5 Qd5 18. Qc2 Bf6 19. Bxe4 Qd6 20. Qb3 Re7 21.
Re3 Rd8 22. Rde1 Bg5 23. Rf3 Bf6 24. h4 Rc7 25. Rfe3 Rf8 26. Qc4 c5 27. Nxf7
Rfxf7 28. Bxb7 Rxb7 29. Re8+ Kh7 30. h5 g6 31. hxg6+ Kxg6 32. dxc5 Qxc5 33.
Qg4+ Qg5 34. Rg8+ Rg7 35. Qe4+ Qf5 36. Qxb7 Rxg8 37. Qxa7 Bd4 38. Re2 Rf8 39.
Kg2 Qf3+ 0-1

[Event "4NCL/Div1/BAR1 vs. WGR2"]
[Site "West Bromwich ENG"]
[Date "2005.05.02"]
[Round "11.4"]
[White "Arakhamia-Grant, Ketevan"]
[Black "Devereaux, Maxim"]
[Result "1/2-1/2"]
[WhiteElo "2452"]
[BlackElo "2331"]
[PlyCount "126"]
[EventDate "2005.05.02"]
[SourceDate "2004.09.21"]

1. e4 c5 2. Nf3 Nc6 3. d4 cxd4 4. Nxd4 Nf6 5. Nc3 e5 6. Ndb5 d6 7. Bg5 a6 8.
Na3 b5 9. Nd5 Be7 10. Bxf6 Bxf6 11. c3 O-O 12. Nc2 Rb8 13. h4 g6 14. g3 Bg7 15.
h5 Be6 16. Nce3 Ne7 17. hxg6 fxg6 18. Bh3 Bxd5 19. exd5 Bh6 20. Be6+ Kg7 21.
Ng4 Bg5 22. f4 Nf5 23. Bxf5 Rxf5 24. Ne3 Rf7 25. fxg5 Qxg5 26. Nf1 Rbf8 27. Qe2
e4 28. Rd1 h5 29. Rd2 Rf5 30. Kd1 Rxd5 31. Kc2 Rdf5 32. Qe3 Qxe3 33. Nxe3 Rf3
34. Re1 Rxg3 35. Rxd6 Rf6 36. Rd4 Rf4 37. Nd5 Rf2+ 38. Rd2 Rgg2 39. Rxf2 Rxf2+
40. Kb3 Rf5 41. c4 bxc4+ 42. Kxc4 Rf2 43. b4 Rxa2 44. Rxe4 Rc2+ 45. Kd4 Rc6 46.
Ke5 Kh6 47. Rd4 Rc8 48. Rd3 Rc6 49. Kf4 Rd6 50. Rd1 Re6 51. Ra1 Rc6 52. Ra3 Kg7
53. Kg5 Rc4 54. Ne3 Rxb4 55. Rxa6 Rb5+ 56. Kh4 Kh6 57. Ng4+ hxg4 58. Kxg4 Rb4+
59. Kg3 Kh5 60. Ra8 Rb3+ 61. Kg2 g5 62. Ra4 g4 63. Ra8 Kh4 1/2-1/2

[Event "4NCL/Div1/BAR1 vs. WGR2"]
[Site "West Bromwich ENG"]
[Date "2005.05.02"]
[Round "11.5"]
[White "Collinson, Adam"]
[Black "Turner, Matthew J"]
[Result "1-0"]
[WhiteElo "2385"]
[BlackElo "2499"]
[PlyCount "63"]
[EventDate "2005.05.02"]
[SourceDate "2004.09.21"]

1. e4 c5 2. Nf3 g6 3. g3 Bg7 4. Bg2 Nc6 5. O-O d6 6. c3 Nf6 7. Re1 O-O 8. d4
cxd4 9. cxd4 d5 10. e5 Ne4 11. Nc3 Nxc3 12. bxc3 Bg4 13. h3 Bxf3 14. Qxf3 e6
15. h4 Qa5 16. Bg5 Rfc8 17. Re3 Nb8 18. Qf4 Na6 19. Rf3 Rc7 20. h5 Bf8 21. Bh6
Bxh6 22. Qxh6 Qa3 23. Bh3 Qf8 24. Qg5 Re8 25. hxg6 hxg6 26. Kg2 Nb8 27. Rh1 Nd7
28. Rf4 Qg7 29. Rh4 f6 30. exf6 Qxf6 31. Bxe6+ Rxe6 32. Rh8+ 1-0

[Event "4NCL/Div1/BAR1 vs. WGR2"]
[Site "West Bromwich ENG"]
[Date "2005.05.02"]
[Round "11.7"]
[White "Ferguson, Mark"]
[Black "Levitt, Jonathan P"]
[Result "1-0"]
[WhiteElo "2387"]
[BlackElo "2441"]
[PlyCount "39"]
[EventDate "2005.05.02"]
[SourceDate "2004.09.21"]

1. e4 e6 2. d4 d5 3. Nd2 c5 4. exd5 Qxd5 5. Ngf3 cxd4 6. Bc4 Qd6 7. Qe2 Nf6 8.
Nb3 Nc6 9. Bg5 a6 10. O-O-O b5 11. Bd3 Bb7 12. Nbxd4 O-O-O 13. Be4 Qc7 14. Bxc6
Bxc6 15. Nxc6 Qxc6 16. Rxd8+ Kxd8 17. Qe5 Be7 18. Qb8+ Qc8 19. Rd1+ Nd7 20.
Qxc8+ 1-0

[Event "4NCL/Div1/BAR1 vs. WGR2"]
[Site "West Bromwich ENG"]
[Date "2005.05.02"]
[Round "11.8"]
[White "Martin, Andrew D"]
[Black "Lauterbach, Ingrid"]
[Result "1-0"]
[WhiteElo "2433"]
[BlackElo "2182"]
[PlyCount "53"]
[EventDate "2005.05.02"]
[SourceDate "2004.09.21"]

1. c4 d6 2. Nc3 e5 3. d4 exd4 4. Qxd4 Nc6 5. Qd2 Nf6 6. b3 Be7 7. Bb2 O-O 8. g3
a5 9. Bg2 Nb4 10. Nf3 c6 11. O-O d5 12. a3 Na6 13. cxd5 Nxd5 14. Nxd5 cxd5 15.
Rac1 Be6 16. Nd4 Qb6 17. e3 Bf6 18. Ne2 Bxb2 19. Qxb2 Rac8 20. Nf4 Rxc1 21.
Rxc1 Nc7 22. Qe5 Nb5 23. Bxd5 Bxd5 24. Nxd5 Qa6 25. Ne7+ Kh8 26. Nf5 Rg8 27.
Rc8 1-0

[Event "4NCL/Div1/AD1 vs. BRI1"]
[Site "West Bromwich ENG"]
[Date "2005.05.02"]
[Round "11.1"]
[White "Rogers, Ian"]
[Black "Werle, Jan"]
[Result "1/2-1/2"]
[WhiteElo "2576"]
[BlackElo "2457"]
[PlyCount "54"]
[EventDate "2005.05.02"]
[SourceDate "2004.09.21"]

1. d4 Nf6 2. Bg5 Ne4 3. Bf4 d5 4. e3 e6 5. Nd2 Nxd2 6. Qxd2 Bd6 7. Bg3 O-O 8.
Nf3 b6 9. Bd3 Bb7 10. O-O Nd7 11. Qe2 Bxg3 12. hxg3 c5 13. c3 Qe7 14. e4 dxe4
15. Bxe4 Bxe4 16. Qxe4 Nf6 17. Qe2 Rfd8 18. a4 cxd4 19. Nxd4 Rd5 20. Rfd1 a5
21. Nc6 Qd6 22. Rxd5 Nxd5 23. Qb5 Rc8 24. Nd4 g6 25. Nf3 Nf6 26. Qe5 Qxe5 27.
Nxe5 Rc5 1/2-1/2

[Event "4NCL/Div1/AD1 vs. BRI1"]
[Site "West Bromwich ENG"]
[Date "2005.05.02"]
[Round "11.2"]
[White "Cobb, Charles"]
[Black "Chandler, Murray G"]
[Result "0-1"]
[WhiteElo "2405"]
[BlackElo "2544"]
[PlyCount "96"]
[EventDate "2005.05.02"]
[SourceDate "2004.09.21"]

1. c4 e5 2. Nc3 d6 3. d4 exd4 4. Qxd4 Nc6 5. Qd2 Nf6 6. b3 g6 7. Bb2 Bg7 8. g3
O-O 9. Nh3 Re8 10. Nf4 g5 11. Nfd5 Nxd5 12. cxd5 Nd4 13. Bg2 Bg4 14. Ne4 Bh3
15. Bxh3 Rxe4 16. Bxd4 Rxd4 17. Qa5 a6 18. O-O b6 19. Qe1 Rxd5 20. Bg2 Rc5 21.
Bxa8 Bxa1 22. b4 Bc3 23. Qb1 Rb5 24. Qb3 Bxb4 25. Bd5 Bc5 26. Bxf7+ Kg7 27. Qf3
Qf6 28. Qh5 Qxf7 29. Qxg5+ Kf8 30. Qd8+ Qe8 31. Qxc7 Kg8 32. Qb7 Rb2 33. Qd5+
Kh8 34. e3 Qf8 35. Qb7 Rxf2 36. Rxf2 Bxe3 37. Qg2 b5 38. Kf1 Bxf2 39. Qxf2
Qxf2+ 40. Kxf2 Kg7 41. Ke3 Kf6 42. Kd4 Ke6 43. g4 a5 44. h4 b4 45. Kc4 d5+ 46.
Kb5 d4 47. Kc4 Ke5 48. g5 Kf5 0-1

[Event "4NCL/Div1/AD1 vs. BRI1"]
[Site "West Bromwich ENG"]
[Date "2005.05.02"]
[Round "11.3"]
[White "Mestel, A Jonathan"]
[Black "Buckley, Simon T"]
[Result "1/2-1/2"]
[WhiteElo "2499"]
[BlackElo "2332"]
[PlyCount "63"]
[EventDate "2005.05.02"]
[SourceDate "2004.09.21"]

1. c4 e6 2. Nf3 Nf6 3. g3 a6 4. Bg2 b5 5. b3 Bb7 6. O-O Be7 7. d3 c5 8. e3 O-O
9. Qe2 Qc7 10. Bb2 d6 11. Nbd2 Nc6 12. Rfc1 Rac8 13. Rab1 Qb6 14. a3 Rfd8 15.
d4 Ba8 16. Bc3 b4 17. axb4 Nxb4 18. Ra1 a5 19. e4 cxd4 20. Bxd4 Qc7 21. Ne1 Nd7
22. Nd3 Bf6 23. Bxf6 Nxf6 24. Ra3 Nd7 25. Nf1 Qb6 26. Rca1 Nc5 27. Nxc5 Rxc5
28. Ne3 Bc6 29. h4 h6 30. Kh2 Bb7 31. Qd2 Nc6 32. Nc2 1/2-1/2

[Event "4NCL/Div1/AD1 vs. BRI1"]
[Site "West Bromwich ENG"]
[Date "2005.05.02"]
[Round "11.4"]
[White "Beaumont, Chris"]
[Black "Hennigan, Michael T"]
[Result "0-1"]
[WhiteElo "2329"]
[BlackElo "2400"]
[PlyCount "114"]
[EventDate "2005.05.02"]
[SourceDate "2004.09.21"]

1. Nf3 Nf6 2. c4 g6 3. Nc3 Bg7 4. e4 d6 5. d4 O-O 6. Be2 e5 7. d5 Na6 8. O-O
Nc5 9. Nd2 a5 10. Rb1 Bd7 11. b3 Ne8 12. a3 f5 13. b4 axb4 14. axb4 Na4 15.
Nxa4 Bxa4 16. Nb3 fxe4 17. Be3 c6 18. Qd2 Nf6 19. Na5 cxd5 20. cxd5 b5 21. Rfc1
Qd7 22. Rc6 Rfc8 23. Rbc1 Rxc6 24. Rxc6 Bf8 25. Bg5 Qf7 26. Bxf6 Qxf6 27. Bg4
Qf4 28. Be6+ Kh8 29. Qc3 Bd1 30. h3 Be2 31. Rc7 Bh6 32. Rc8+ Rxc8 33. Qxc8+ Qf8
34. Qc3 Bd3 35. Qe1 {(=)} Qb8 36. Qc3 Qf8 37. Qe1 Qb8 38. Qc3 Bg5 39. g3 Qf8
40. h4 Bh6 41. Bg4 Qf6 42. Qc8+ Bf8 43. Qc1 h5 44. Be6 Kh7 45. Qc7+ Qg7 46. Qb8
Qh6 47. Kh2 Be2 48. Nb7 Bf3 49. Qc7+ Bg7 50. Qc3 Bf8 51. Qc7+ Qg7 52. Qb8 Qe7
53. Nd8 Qf6 54. Nf7 Bg4 55. Ng5+ Kh6 56. Nxe4 Qf3 57. Qe8 Bg7 0-1

[Event "4NCL/Div1/AD1 vs. BRI1"]
[Site "West Bromwich ENG"]
[Date "2005.05.02"]
[Round "11.5"]
[White "Richardson, John R"]
[Black "Buckley, David E"]
[Result "1-0"]
[WhiteElo "2309"]
[BlackElo "2223"]
[PlyCount "69"]
[EventDate "2005.05.02"]
[SourceDate "2004.09.21"]

1. d4 c5 2. d5 d6 3. e4 g6 4. Nc3 Bg7 5. h3 Nf6 6. Nf3 O-O 7. Be2 e6 8. O-O
exd5 9. exd5 Re8 10. Nd2 Na6 11. Bf3 Nc7 12. Nc4 b5 13. Ne3 Bb7 14. a4 a6 15.
g3 b4 16. Nb1 Bh6 17. c4 bxc3 18. Nxc3 a5 19. Re1 Rb8 20. Kg2 Na6 21. Ng4 Nxg4
22. Rxe8+ Qxe8 23. hxg4 Bxc1 24. Qxc1 Nb4 25. Qd2 Qe5 26. Rh1 Ba6 27. Ne4 Nd3
28. Qh6 Qg7 29. Qg5 h6 30. Qe7 Qxb2 31. Rxh6 Kg7 32. Rh1 Rb7 33. Qh4 Kf8 34.
Qd8+ Kg7 35. Qh8# 1-0

[Event "4NCL/Div1/AD1 vs. BRI1"]
[Site "West Bromwich ENG"]
[Date "2005.05.02"]
[Round "11.6"]
[White "Rudd, Jack"]
[Black "Snape, Ian"]
[Result "0-1"]
[WhiteElo "2296"]
[BlackElo "2265"]
[PlyCount "138"]
[EventDate "2005.05.02"]
[SourceDate "2004.09.21"]

1. e4 c5 2. Nf3 d6 3. Nc3 Nf6 4. e5 dxe5 5. Nxe5 a6 6. g3 Nbd7 7. Qe2 e6 8. Bg2
Nxe5 9. Qxe5 Bd6 10. Qe2 Qb6 11. b3 Bd7 12. Bb2 Bc6 13. Ne4 Nxe4 14. Bxe4 O-O
15. O-O-O Rac8 16. Rhe1 Bxe4 17. Qxe4 Rfd8 18. Qg4 Bf8 19. Re5 g6 20. Rh5 Bg7
21. Bxg7 Kxg7 22. Qg5 Kg8 23. c4 Qd6 24. Rh4 Qf8 25. Qe5 Rd3 26. Kc2 Rcd8 27.
Re4 Qd6 28. Qxd6 R8xd6 29. Re3 R3d4 30. d3 Kg7 {(=)} 31. Re5 b6 32. a3 f6 33.
Re3 b5 34. Rde1 e5 35. Kc3 Rc6 36. Re4 Rcd6 37. R1e3 Rc6 38. f4 exf4 39. Re7+
Kh6 40. gxf4 Rxf4 41. Rh3+ Kg5 42. Rexh7 f5 43. Re3 bxc4 44. dxc4 Rh4 45. Rg3+
Rg4 46. h4+ Kf4 47. Rd3 Ke4 48. b4 cxb4+ 49. axb4 f4 50. Re7+ Kf5 51. Rd5+ Kf6
52. Re4 Rxh4 53. Kd4 g5 54. b5 axb5 55. cxb5 Rc1 56. Rd6+ Kf5 57. Re5+ Kg4 58.
Rg6 Rh5 59. b6 f3 60. Rf6 Rh8 61. Re4+ Kg3 62. b7 Rb1 63. Re7 Rb8 64. Rg7 g4
65. Ke4 Rb4+ 66. Ke3 Rb3+ 67. Ke4 R8xb7 68. Rxf3+ Rxf3 69. Rxb7 Kg2 0-1

[Event "4NCL/Div1/AD1 vs. BRI1"]
[Site "West Bromwich ENG"]
[Date "2005.05.02"]
[Round "11.7"]
[White "Lyell, Mark"]
[Black "Helbig, Paul D"]
[Result "1/2-1/2"]
[WhiteElo "2224"]
[BlackElo "2184"]
[PlyCount "158"]
[EventDate "2005.05.02"]
[SourceDate "2004.09.21"]

1. e4 d6 2. d4 g6 3. Nf3 Bg7 4. Bc4 Nf6 5. Qe2 c6 6. e5 Nd5 7. h3 O-O 8. O-O
Nc7 9. exd6 Qxd6 10. Be3 Be6 11. Nbd2 Bxc4 12. Nxc4 Qe6 13. Nce5 f6 14. Nd3 Nd7
15. Rfe1 Nd5 16. Bd2 Qxe2 17. Rxe2 Rfe8 18. Rae1 Kf7 19. c4 Nc7 20. Bb4 Bf8 21.
Bc3 e6 22. Nd2 b6 23. Ne4 Red8 24. Nb4 Bxb4 25. Bxb4 Ne8 26. Nd6+ Nxd6 27. Bxd6
Re8 28. d5 cxd5 29. cxd5 e5 30. Rc2 Rec8 31. Rec1 Rxc2 32. Rxc2 a5 33. Rc7 Ke8
34. Rc6 a4 35. f4 Ra5 36. fxe5 fxe5 37. Bxe5 Nxe5 38. Re6+ Kd7 39. Rxe5 Rb5 40.
Re4 a3 41. bxa3 Rxd5 42. Rf4 Rd1+ 43. Kh2 Rd2 44. Rf7+ Ke6 45. Rxh7 Rxa2 46.
Ra7 b5 47. Ra6+ Kf5 48. Ra5 Rb2 49. Ra7 Kf6 50. Ra6+ Kf7 51. Kg3 b4 52. a4 b3
53. Kf3 Ra2 54. Rb6 Rxa4 55. Rxb3 Kf6 56. g4 Ra6 57. h4 Ra4 58. Rb6+ Kf7 59.
Rb7+ Kf6 60. g5+ Ke6 61. Rb6+ Kf7 62. Rf6+ Kg7 63. Rf4 Ra5 64. Rb4 Rf5+ 65. Ke4
Ra5 66. Rd4 Rb5 67. Rd5 Rb4+ 68. Ke5 Rxh4 69. Rd7+ Kg8 70. Kf6 Ra4 71. Rg7+ Kh8
72. Rxg6 Ra6+ 73. Kf5 Ra5+ 74. Kg4 Kh7 75. Re6 Kg7 76. Kh5 Ra7 77. Rb6 Rc7 78.
Rg6+ Kh7 79. Re6 Kg7 1/2-1/2

[Event "4NCL/Div1/AD1 vs. BRI1"]
[Site "West Bromwich ENG"]
[Date "2005.05.02"]
[Round "11.8"]
[White "Ashby, Ann-Marie"]
[Black "Bellin, Jana"]
[Result "0-1"]
[WhiteElo "2079"]
[BlackElo "2184"]
[PlyCount "74"]
[EventDate "2005.05.02"]
[SourceDate "2004.09.21"]

1. e4 c5 2. c3 d5 3. exd5 Qxd5 4. d4 Nf6 5. Nf3 Nc6 6. Be2 cxd4 7. cxd4 e6 8.
Nc3 Qd6 9. O-O Be7 10. h3 O-O 11. Be3 b6 12. Qd2 Bb7 13. Rfd1 Nb4 14. Rac1 Rfc8
15. Nb5 Qd8 16. Rxc8 Rxc8 17. Nc3 Nbd5 18. Nxd5 Qxd5 19. a3 Ne4 20. Qd3 h6 21.
Ne1 Nf6 22. Bf1 Qa5 23. Bd2 Qa4 24. Rc1 Rxc1 25. Bxc1 Be4 26. Qe3 Qd1 27. Bd2
Bd6 28. Be2 Qb1 29. Bf3 Qxb2 30. d5 Bc5 31. Bc1 Qa2 32. Qe2 Qxe2 33. Bxe2 Nxd5
34. Nd3 Nc3 35. Kf1 Nxe2 36. Kxe2 Bxd3+ 37. Kxd3 Bxf2 0-1

[Event "4NCL/Div1/WGR1 vs. GUI1"]
[Site "West Bromwich ENG"]
[Date "2005.05.02"]
[Round "11.1"]
[White "Adams, Michael"]
[Black "Svidler, Peter"]
[Result "1/2-1/2"]
[WhiteElo "2737"]
[BlackElo "2725"]
[PlyCount "61"]
[EventDate "2005.05.02"]
[SourceDate "2004.09.21"]

1. e4 c5 2. Nf3 e6 3. d4 cxd4 4. Nxd4 Nc6 5. Nc3 a6 6. Nxc6 bxc6 7. Bd3 d5 8.
O-O Qc7 9. Re1 Bb7 10. b3 Bd6 11. Qh5 Nf6 12. Qh4 Be5 13. Bb2 dxe4 14. Bxe4
Nxe4 15. Rxe4 c5 16. Nd5 Bxh2+ 17. Qxh2 Qxh2+ 18. Kxh2 Bxd5 19. Rg4 O-O-O 20.
Rxg7 Rhg8 21. Rxg8 Rxg8 22. f3 c4 23. Rd1 Rd8 24. Bf6 Rd7 25. Kg3 Bc6 26. Rh1
Rd2 27. Rxh7 Rxc2 28. Rxf7 Bd5 29. Rf8+ Kd7 30. Rf7+ Kc6 31. bxc4 1/2-1/2

[Event "4NCL/Div1/WGR1 vs. GUI1"]
[Site "West Bromwich ENG"]
[Date "2005.05.02"]
[Round "11.2"]
[White "Efimenko, Zahar"]
[Black "Shirov, Alexei"]
[Result "1/2-1/2"]
[WhiteElo "2601"]
[BlackElo "2714"]
[PlyCount "55"]
[EventDate "2005.05.02"]
[SourceDate "2004.09.21"]

1. e4 e5 2. Nf3 Nc6 3. Bb5 Nf6 4. d3 d6 5. Nbd2 g6 6. c3 Bg7 7. O-O O-O 8. Re1
Nh5 9. Nf1 f5 10. Ng3 fxe4 11. Rxe4 d5 12. Re3 Bg4 13. h3 Bxf3 14. Rxf3 Nxg3
15. Bxc6 bxc6 16. Rxg3 Qd6 17. Rf3 Rfe8 18. Bg5 Rab8 19. Qc2 e4 20. dxe4 Rxe4
21. Re3 Qe5 22. Rxe4 Qxe4 23. Qxe4 dxe4 24. b3 Rb5 25. Be3 Ra5 26. Kf1 c5 27.
a4 c4 28. bxc4 1/2-1/2

[Event "4NCL/Div1/WGR1 vs. GUI1"]
[Site "West Bromwich ENG"]
[Date "2005.05.02"]
[Round "11.3"]
[White "Bologan, Victor"]
[Black "Lautier, Joel"]
[Result "1-0"]
[WhiteElo "2700"]
[BlackElo "2678"]
[PlyCount "67"]
[EventDate "2005.05.02"]
[SourceDate "2004.09.21"]

1. e4 c5 2. Nf3 Nc6 3. Bb5 g6 4. Bxc6 dxc6 5. d3 Bg7 6. h3 Nf6 7. Nc3 Nd7 8.
Be3 e5 9. O-O Qe7 10. Nd2 b6 11. a4 O-O 12. a5 b5 13. Nb3 f5 14. exf5 gxf5 15.
f4 c4 16. dxc4 bxc4 17. Nd2 e4 18. Qe2 Ba6 19. Rfd1 Rab8 20. Ra2 Nc5 21. Nf1
Ne6 22. Ng3 Rbd8 23. Rxd8 Qxd8 24. Qf2 c5 25. Ra1 Bd4 26. Nge2 Rf7 27. Kh2 Rd7
28. Ng3 Rf7 29. Rd1 Qh4 30. Nce2 c3 31. Nxd4 cxd4 32. Bxd4 Nxf4 33. Bxc3 Ne2
34. Nxf5 1-0